Formula 1 Drivers by Nickname #2 - Statistics

General Stats
  • This quiz has been taken 1,984 times
    1,942 since last reset
  • The average score is 14 of 16
Answer Stats
Nickname Driver % Correct
Super Max Max Verstappen
99%
6asly Pierre Gasly
99%
Smooth Operator Carlos Sainz Jr.
96%
Inspector Seb Sebastian Vettel
95%
Albono Alexander Albon
94%
KMag Kevin Magnussen
94%
Goatifi Nicholas Latifi
94%
Mexican Minister of Defense Sergio Pérez
93%
Mazespin Nikita Mazepin
91%
Hulk Nico Hülkenberg
89%
GIGAKUBICA Robert Kubica
88%
Felipe Baby Felipe Massa
82%
Sharl Charles Leclerc
80%
Italian Jesus Antonio Giovinazzi
63%
Torpedo Daniil Kvyat
60%
Finger Boy Sebastian Vettel
34%
No matching quizzes found
Score Distribution
Percent of People with Each Score
Percentile by Number Answered
Your Score History
You have not taken this quiz since the last reset